Southville International School and Colleges
Your cart is empty.
  • Cart
  • Lists
    Public lists Eva Luna New books Lux_list list_1
    Your lists Log in to create your own lists
  • Log in to your account
  • Your cookies
  • Search history
Southville International School and Colleges
  • Advanced search
  • Recent comments
  • Most popular
  • Libraries

Log in to your account

Log in with GOOGLE


If you do not have an external account, but do have a local account, you can still log in:

  1. Home
  2. MARC view: Health economics :
Normal view MARC view ISBD view

Health economics : (Record no. 283843)

[ view plain ]
MARC details
000 -LEADER
fixed length control field 01420cam a2200421 a 4500
001 - CONTROL NUMBER
control field 14671358
003 - CONTROL NUMBER IDENTIFIER
control field OSt
005 - DATE AND TIME OF LATEST TRANSACTION
control field 20150505163808.0
008 - FIXED-LENGTH DATA ELEMENTS--GENERAL INFORMATION
fixed length control field 061215s2004 njua b 001 0 eng
010 ## - LIBRARY OF CONGRESS CONTROL NUMBER
LC control number 2006101465
020 ## - INTERNATIONAL STANDARD BOOK NUMBER
International Standard Book Number 9812530908
020 ## - INTERNATIONAL STANDARD BOOK NUMBER
International Standard Book Number 0471432032
020 ## - INTERNATIONAL STANDARD BOOK NUMBER
International Standard Book Number 0471451762
035 ## - SYSTEM CONTROL NUMBER
System control number (OCoLC)ocm77048114
040 ## - CATALOGING SOURCE
Original cataloging agency DLC
Transcribing agency DLC
Modifying agency C#P
-- BAKER
-- YDX
-- YDXCP
-- BTCTA
-- DLC
050 00 - LIBRARY OF CONGRESS CALL NUMBER
Classification number RA 410
Item number .G394 2004
082 00 - DEWEY DECIMAL CLASSIFICATION NUMBER
Classification number M 338.4
100 1# - MAIN ENTRY--PERSONAL NAME
Personal name Getzen, Thomas E.
245 10 - TITLE STATEMENT
Title Health economics :
Statement of responsibility, etc Getzen, Thomas E.
Remainder of title fundamentals and flow of funds /
250 ## - EDITION STATEMENT
Edition statement 2nd ed.
260 ## - PUBLICATION, DISTRIBUTION, ETC. (IMPRINT)
Place of publication, distribution, etc Hoboken, NJ :
Name of publisher, distributor, etc John Wiley & Sons,
Date of publication, distribution, etc 2004.
300 ## - PHYSICAL DESCRIPTION
Extent xxiv, 438 pages :
Other physical details illustrations ;
Dimensions 24 cm.
500 ## - GENERAL NOTE
General note Includes bibliographical references and index.
526 ## - STUDY PROGRAM INFORMATION NOTE
Reading level 0L to 1700L
562 ## - COPY AND VERSION IDENTIFICATION NOTE
Number of copies for circulation. 6 copies available in the collection
650 #0 - SUBJECT ADDED ENTRY--TOPICAL TERM
Topical term or geographic name as entry element Medical economics.
856 41 - ELECTRONIC LOCATION AND ACCESS
Materials specified Table of contents only
Uniform Resource Identifier <a href="http://www.loc.gov/catdir/toc/ecip076/2006101465.html">http://www.loc.gov/catdir/toc/ecip076/2006101465.html</a>
856 42 - ELECTRONIC LOCATION AND ACCESS
Materials specified Publisher description
Uniform Resource Identifier <a href="http://www.loc.gov/catdir/enhancements/fy0741/2006101465-d.html">http://www.loc.gov/catdir/enhancements/fy0741/2006101465-d.html</a>
906 ## - LOCAL DATA ELEMENT F, LDF (RLIN)
a 7
b cbc
c orignew
d 1
e ecip
f 20
g y-gencatlg
942 ## - ADDED ENTRY ELEMENTS (KOHA)
Source of classification or shelving scheme Library of Congress Classification
Koha item type Books
Holdings
Withdrawn status Lost status Source of classification or shelving scheme Damaged status Home library Current library Shelving location Date acquired Source of acquisition Sub Shelving location Total Checkouts Full call number Barcode Date last seen Price effective from Koha item type
    Library of Congress Classification   Southville International School Affiliated with Foreign Universities Library Southville International School Affiliated with Foreign Universities Library Southville Foreign University Section 05/05/2015 Library Fund     RA 410 .G394 2004 SFU1871 05/15/2018 05/05/2015 Books

Health economics :

APA

Getzen T. E., . (2004). Health economics. Hoboken, NJ: John Wiley & Sons.

Chicago

Getzen Thomas E, . 2004. Health economics. Hoboken, NJ: John Wiley & Sons.

Harvard

Getzen T. E., . (2004). Health economics. Hoboken, NJ: John Wiley & Sons.

MLA

Getzen Thomas E, . Health economics. Hoboken, NJ: John Wiley & Sons. 2004.

  • Place hold
  • Print
  • Cite
  • Add to your cart (remove)
  • Save record
    BIBTEX Dublin Core MARCXML MARC (non-Unicode/MARC-8) MARC (Unicode/UTF-8) MARC (Unicode/UTF-8, Standard) MODS (XML) RIS
  • More searches
    Search for this title in:
    Other Libraries (WorldCat) Other Databases (Google Scholar) Online Stores (Bookfinder.com) Open Library (openlibrary.org)

Exporting to Dublin Core...

SOUTHVILLE LIBRARY

Southville International School and Colleges Library

1281 Tropical Ave. Cor. Luxembourg St., BF Homes International, Las Pinas City

Tel. No. 8256374 / 252358 Loc. 117/146

Powered by Koha